Miejscowości Podkarpacia - dla Kolegi Ignacego - Statystyki

Ogólne statystyki
  • Ten quiz został rozwiązany 331 razy
    293 od ostatniego zresetowania
  • Średni wynik to 12 z 17
Statystyki odpowiedzi
Numer (podpowiedź) Nazwa % Poprawnych
1 (stolica województwa) Rzeszów
99%
2 (inaczej "zastanów się") Przemyśl
91%
12 (rymuje się z "masło") Jasło
88%
14 (żona Kolbusza) Kolbuszowa
88%
10 (antonim do "wysoko") Nisko
86%
7 (jego brat i bratowa zginęli w Smoleńsku, tylko imię) Jarosław
85%
6 (mylone z miejscem urodzenia Chopina) Stalowa Wola
83%
5 (stamtąd polskie autobusy) Sanok
79%
4 ("przy rzece Tarnie") Tarnobrzeg
78%
3 (narzędzie tkackie) Krosno
77%
15 (stamtąd znana marka opon) Dębica
74%
11 (dobre podkarpackie piwo) Leżajsk
71%
9 (profesjonalny "worsk") Przeworsk
70%
13 (rozdrabniam 'c') Mielec
63%
8 (z ogniw, 'ch'->'t' '') Łańcut
45%
16 (nazwa od wydobywanego tam surowca) Ropczyce
39%
17 ("z sąsiedniego województwa") Sędziszów Małopolski
27%
Nie znaleziono quizów pasujących do podanych kryteriów
Rozkład punktacji
Procent ludzi z każdym wynikiem
Percentyl według liczby udzielonych odpowiedzi
Twoja historia wyników
Nie rozwiązałeś tego quizu od ostatniego zresetowania